| 000 | 00787nam a2200265Ia 4500 | ||
|---|---|---|---|
| 003 | OSt | ||
| 005 | 20220926004531.0 | ||
| 006 | a|||||r|||| 00| 0 | ||
| 007 | ta | ||
| 008 | 220923b |||||||| |||| 00| 0 eng d | ||
| 020 | _a8186030670 | ||
| 037 | _cGeneral Book | ||
| 040 |
_aRTL _cRTL _beng |
||
| 041 |
_2eng _aeng |
||
| 082 | _aY7447791.N4, N8 | ||
| 100 |
_aGiri Helen _9308826 |
||
| 245 | 0 | _aKhasis under British rule 1824-1947 | |
| 260 |
_a New Delhi _bRegency Publications _c1998 |
||
| 300 |
_aiii, 307p _ccm. |
||
| 500 | _aBibliography: P 301-07; Appendix: P 269-96; Glossary: P 297-300 | ||
| 650 |
_a Sikhs _9233320 |
||
| 650 |
_aKhasis Ethnic Group _9308827 |
||
| 942 |
_hY7447791.N4, N8 _cGB _2CC |
||
| 999 |
_c611514 _d611514 |
||